Kitâb-ı cabbâr kulu (Record no. 1930)

MARC details
000 -BAŞLIK
Sabit Uzunlukta Kontrol Alanı 00925na a2200325 4500
001 - KONTROL NUMARASI
Denetim Alanı 12801
003 - KONTROL NUMARASI IDENTIFIER
Denetim Alanı MIRAKIL
005 - SON İŞLEM TARİHİ VE ZAMANI
Denetim Alanı 20181213154839.0
008 - SABİT-BOY VERİ ELEMANLARI - GENEL BİLGİLER
Sabit Uzunlukta Kontrol Alanı 160922b tu 000 0
020 ## - ULUSLARARASI STANDART KİTAP NUMARASI
Uluslararası Standart Kitap Numarası 9753894883
035 ## - SİSTEM KONTROL NUMARASI
Sistem Kontrol Numarası 12801
040 ## - KATALOGLAMA KAYNAK
Orijinal Kataloglama Ajansı Milas
Kataloglama Dili tur
Metne Dönüştürmek Ajansı TR-AnCHP
041 ## - DİL KODU
Metin / Ses Parça Veya Ayrı Başlığın Dil Kodu tur
-- ara
082 ## - DEWEY ONLU SINIFLANDIRMA NUMARASI
Sınıflandırma Numarası 297.8
Ürün Numarası K47 2007
090 ## - SINIFLAMA NUMARASI
Sınıflama Numarası 297.8 K57 2007
245 ## - BAŞLIK TABLOSU
Başlık Kitâb-ı cabbâr kulu
Sorumluluk Tablosu, Vb hazırlayan Osman Eğri
246 ## - UNVAN FORM VARYING
Başlık Doğru / Kısa Başlığı Kitabı cabbar kulu
260 ## - YAYIN, DAĞITIM, VB
Yayın, Dağıtım, Vb Yeri Ankara
Yayıncı, Dağıtıcı, Vs Adı Türkiye Diyanet Vakfı
Yayın, Dağıtım, Vb Tarihi 2007
300 ## - FİZİKSEL TANIM
Kapsam 695 s.
Boyutlar 24 sm.
490 ## - SERİSİ TABLOSU
Seri Beyanı Alev-i Bektaşi Klasikleri Serisi
Hacim / Ardışık Tanımı 7
490 ## - SERİSİ TABLOSU
Seri Beyanı Anadolu Halk Klasikleri Serisi
Hacim / Ardışık Tanımı 7
490 ## - SERİSİ TABLOSU
Seri Beyanı Türkiye Diyanet Vakfı Yayınları
Hacim / Ardışık Tanımı 372
500 ## - GENEL NOT
Genel Not Sözlük ve dizin var.
504 ## - KAYNAKÇA VB NOT
Kaynakça Vb Notu Kaynakça var.
650 ## - KONU KATMA GİRİŞ - TOPİKAL DÖNEM
Topikal Süreli Veya Coğrafi Ad Giriş Elemanı Alevilik
Genel Alt Bölümü Edebi yapıtlar
650 ## - KONU KATMA GİRİŞ - TOPİKAL DÖNEM
Topikal Süreli Veya Coğrafi Ad Giriş Elemanı Bektaşilik
650 ## - KONU KATMA GİRİŞ - TOPİKAL DÖNEM
Topikal Süreli Veya Coğrafi Ad Giriş Elemanı İslam dini
Genel Alt Bölümü Tasavvuf
700 ## - KATMA GİRİŞ - KİŞİSEL İSİM
Kişisel Ad Eğri, Osman
942 ## - EKLENDİ GİRİŞ ELEMANLARI (KOHA)
Sınıflandırma Veya Raf Düzeni Kaynak Dewey Decimal Classification
Koha Öğesi Türü Books
999 ## - SİSTEM KONTROL NUMARALARI (KOHA)
Koha Biblionumber 1930
Koha Biblioitemnumber 1930
Holdings
Kalıcı Konum Mevcut Konum Edinme Tarihi Edinim Kaynak Toplam Check-Out'Lar Tam Çağrı Numarası Barkod Tarih Son Görülme İtibaren Geçerli Fiyatlar Koha Öğesi Türü
CHP Kütüphanesi CHP Kütüphanesi 08/02/2016 Bağış   297.8 K57 2007 000455 08/02/2016 08/02/2016 Books